|
|
|
|
| LEADER |
01333nam a2200325 i 4500 |
| 001 |
c000235997 |
| 003 |
CARM |
| 005 |
00000000000000.0 |
| 008 |
840301s1979 nyu b 000 0 eng d |
| 019 |
1 |
|
|a 1251198
|5 LACONCORD2021
|
| 035 |
|
|
|a (OCoLC)4194924
|5 LACONCORD2021
|
| 041 |
0 |
|
|a engara
|
| 082 |
0 |
4 |
|a 297/.211
|
| 100 |
0 |
|
|a Jāmī,
|d 1414-1492.
|
| 240 |
1 |
0 |
|a Durrah al-fākhirah.
|l English
|
| 245 |
1 |
4 |
|a The precious pearl =
|b al-Jamis al-Durrah al-fakhirah : together with his glosses and the commentary of 'Abd al-Ghafur al-Lari /
|c translated with an introd., notes, and glossary by Nicholas Heer .
|
| 246 |
3 |
|
|a Durrah al-fakhirah
|
| 260 |
|
|
|a Albany :
|b State University of New York Press,
|c 1979.
|
| 300 |
|
|
|a ix, 237 p. ;
|c 25 cm.
|
| 440 |
|
0 |
|a Studies in Islamic philosophy and science
|
| 500 |
|
|
|a "Glossary of terms": p.171-237.
|
| 504 |
|
|
|a Bibliography: 161-170.
|
| 600 |
0 |
0 |
|a Jāmī,
|d 1414-1492.
|t Durrah al-fākhirah.
|
| 650 |
|
0 |
|a God (Islam)
|
| 650 |
|
0 |
|a Sufism
|x Early works to 1800.
|
| 700 |
1 |
|
|a Lārī, ʻAbd al-Ghafūr,
|d d. 1506.
|
| 700 |
1 |
|
|a Heer, Nicholas.
|
| 852 |
8 |
|
|b CARM
|h A2:AR25G0
|i C08685
|p 0325566
|f BK
|
| 999 |
f |
f |
|i 5f18df8d-3ec2-587c-8030-7cb008523b8b
|s 85b377d5-1703-5981-b1b0-f4e101c0931f
|
| 952 |
f |
f |
|p Can circulate
|a CAVAL
|b CAVAL
|c CAVAL
|d CARM 1 Store
|e C08685
|f A2:AR25G0
|h Other scheme
|i book
|m 0325566
|